EA FC25 Squad Foundations - Statistics

General Stats
  • This quiz has been taken 6 times
    4 since last reset
  • The average score is 4 of 43
Answer Stats
Rate Club Nation Answer % Correct
87 Lyon Australia Ellie Carpenter
67%
88 Sunderland England Luke O'Nien
67%
88 Aston Villa England Mayumi Pacheco
67%
88 Man City England Bethany England
33%
86 Middlesbrough Ireland Finn Azaz
33%
85 Nantes France Louise Fleury
33%
86 River Plate Argentina Marcos Acuna
33%
88 Leeds England Patrick Bamford
33%
84 Fenerbahce Brazil Alexander Djiku
0%
85 Orlando Pride USA Ally Watt
0%
84 Twente Netherlands Anass Salah-Eddine
0%
85 Levante Spain Angela Sosa
0%
85 Galatasaray Turkey Baris Yilmaz
0%
85 Aston Villa England Ebony Salmon
0%
83 Sporting Portugal Eduardo Quaresma
0%
85 LDU Quito Argentina Ezequiel Piovi
0%
85 Porto Spain Fran Navarro
0%
84 Benfica Norway Fredrik Aursnes
0%
84 Al Ahli Spain Gabri Veiga
0%
85 Boca Juniors Chile Gary Medel
0%
84 Besiktas Portugal Gedson Fernandes
0%
84 Liverpool England Grace Fisk
0%
84 Bilbao Spain Jone Amezaga
0%
84 AZ Netherlands Jordy Clasie
0%
86 Racing Club Colombia Juan Quintero
0%
84 Werder Bremen Germany Juliane Wirtz
0%
84 West Ham USA Kristie Mewis
0%
84 Leverkusen Germany Kristin Kogel
0%
83 NY Gotham Spain Maitane
0%
84 Portland Thorns Germany Marie Muller
0%
84 Montpellier France Marion Torrent
0%
84 Coventry City Netherlands Milan van Ewijk
0%
85 Watford France Moussa Sissoko
0%
86 Brighton England Nikita Parris
0%
85 Libertad Paraguay Oscar Cardozo
0%
84 Al Khaleej Portugal Pedro Rebocho
0%
85 Al Hilal Saudi Arabia Salem Al Dawsari
0%
84 Real Sociedad Finland Sanni Franssi
0%
85 Ajax Netherlands Steven Berghuis
0%
85 Wolfsburg Germany Tabea Sellner
0%
86 Blackburn Rovers England Todd Cantwell
0%
85 Lanus Argentina Walter Bou
0%
84 Leeds Italy Wilfried Gnonto
0%
No matching quizzes found
Score Distribution
Percent of People with Each Score
Percentile by Number Answered
Your Score History
You have not taken this quiz since the last reset